000 00406nam a2200133Ia 4500
008 240126s9999 xx 000 0 und d
041 _aEnglish
082 _aPRME94-102
100 _aHariprasad, V Rao Sharath Kumar, K N Sudheer Pai, M Suraja, Y
245 0 _aDesign and fabrication of pedal operated sand sieving machine
_bGanapathy Bhat, K
260 _bNMAMIT, NITTE
440 _aNULL
942 _cPR
999 _c256306
_d256306